| 000 | 00439cam a22001217a 4500 | ||
|---|---|---|---|
| 008 | 180718b1983 xxu||||| |||| 00| 0 eng d | ||
| 082 | _aA81x54 In2/81/6/Pt 2 A Pt 2 B | ||
| 100 | _aCensus of India 1981 | ||
| 245 | _aHaryana: general population tables and primary census abtract | ||
| 260 |
_aChandigarh _bThe Controller of Publications _c1983 |
||
| 300 | _a336+p. | ||
| 440 | _aCensus of India 1981. Series-6, Haryana. Part II-A and Part II-B | ||
| 999 |
_c482667 _d482667 |
||